[Event "Women's Speed Chess Q6"]
[Site "chess.com INT"]
[Date "2021.06.05"]
[Round "10"]
[White "Mkrtchian, Lilit"]
[Black "Kanyamarala, Trisha"]
[Result "1-0"]
[WhiteTitle "IM"]
[BlackTitle "WIM"]
[WhiteElo "2388"]
[BlackElo "2180"]
[WhiteFideId "13300601"]
[BlackFideId "45004722"]
[EventDate "2021.06.05"]

1. e4 c5 2. Nc3 Nc6 3. Nge2 Nd4 4. Nxd4 cxd4 5. Ne2 e5 6. c3 dxc3 7. dxc3 Nf6 8.
Bg5 Be7 9. Bxf6 Bxf6 10. Ng3 d6 11. Bc4 O-O 12. O-O g6 13. Qd3 Qc7 14. Rfd1 Rd8
15. Nf1 Bg4 16. f3 Be6 17. Ne3 Rac8 18. Bb3 Bg5 19. Nd5 Bxd5 20. Qxd5 Qb6+ 21.
Kh1 Rc7 22. Qd3 Bf4 23. Qe2 h5 24. g3 Bg5 25. Rf1 Kg7 26. f4 Bf6 27. f5 g5 28.
Qxh5 Rh8 29. Qe2 Rcc8 30. Kg2 Rh6 31. Rh1 a5 32. Bd5 Kf8 33. Qf2 Qb5 34. a4 Qa6
35. Qf1 Qb6 36. Qb5 Qc7 37. Rad1 b6 38. Rd2 Qc5 39. Qxc5 bxc5 40. Bc4 Be7 41.
Rhd1 Rb8 42. b3 Kg7 43. Kf3 Kf6 44. Kg4 Rbh8 45. Rxd6+ Bxd6 46. Rxd6+ Ke7 47.
Rd5 Rxh2 48. Rxe5+ Kd8 49. Rd5+ Kc7 50. Rxc5+ Kd6 51. Rxa5 Rc2 52. Ra6+ Ke5 53.
Bxf7 Kxe4 54. Kxg5 Rxc3 55. g4 1-0

[Event "Women's Speed Chess Q6"]
[Site "chess.com INT"]
[Date "2021.06.05"]
[Round "10"]
[White "Kulkarni, Bhakti"]
[Black "Purtseladze, Maka"]
[Result "1-0"]
[WhiteTitle "IM"]
[BlackTitle "IM"]
[WhiteElo "2391"]
[BlackElo "2274"]
[WhiteFideId "5019516"]
[BlackFideId "13602659"]
[EventDate "2021.06.05"]

1. d4 Nf6 2. Nf3 d5 3. c4 c6 4. e3 g6 5. Nbd2 Bg7 6. Bd3 O-O 7. O-O Bf5 8. Qe2
Bxd3 9. Qxd3 Nbd7 10. b3 a5 11. Bb2 a4 12. cxd5 a3 13. Bc1 Nxd5 14. Nc4 Nc5 15.
Qb1 b5 16. Nxa3 b4 17. Nc4 Nc3 18. Qc2 N5e4 19. Bd2 Nxd2 20. Nfxd2 c5 21. Nf3
cxd4 22. exd4 Bxd4 23. Rfd1 Nxd1 24. Rxd1 Bxf2+ 25. Kxf2 Qc7 26. Rd2 Rfd8 27.
Ne3 Rxd2+ 28. Qxd2 Qa7 29. Qxb4 Qxa2+ 30. Kg3 Qa7 31. Qd4 Qb8+ 32. Qe5 Qxb3 33.
Qxe7 Rf8 34. Ng4 Qb8+ 35. Kh3 Qc8 36. Kh4 Qe6 37. Qg5 h5 38. Nge5 Kg7 39. Kg3
Rc8 40. h3 Ra8 41. Qf4 Re8 42. Qd4 f6 43. Nd3 Re7 44. Nf4 Qe4 45. Qd8 h4+ 46.
Nxh4 g5 47. Qxe7+ Qxe7 48. Nf5+ Kf7 49. Nxe7 gxf4+ 50. Kxf4 Kxe7 51. Kf5 Kf7 52.
g4 Kg7 53. h4 Kf7 54. h5 Kg7 55. h6+ Kf7 56. h7 Kg7 57. h8=Q+ Kxh8 58. Kxf6 Kh7
59. g5 Kg8 60. Kg6 Kh8 61. Kf7 Kh7 62. g6+ Kh8 63. g7+ 1-0

[Event "Women's Speed Chess Q6"]
[Site "chess.com INT"]
[Date "2021.06.05"]
[Round "10"]
[White "Mendoza, Shania Mae"]
[Black "Agrest, Inna"]
[Result "1-0"]
[WhiteTitle "WFM"]
[BlackTitle "WIM"]
[WhiteElo "2158"]
[BlackElo "2285"]
[WhiteFideId "5211158"]
[BlackFideId "1708830"]
[EventDate "2021.06.05"]

1. e4 e5 2. Nf3 Nc6 3. Bc4 Nf6 4. d3 Bc5 5. O-O a6 6. c3 Ba7 7. Bb3 d6 8. h3 h6
9. Nbd2 g5 10. Re1 g4 11. hxg4 Bxg4 12. Qc2 Rg8 13. Kf1 Nh5 14. d4 Qf6 15. Qd3
Nf4 16. Qc4 Be6 17. Qa4 b5 18. Qxa6 Bd7 19. Qb7 Rb8 20. Qxc7 Rxg2 21. Re3 Bb6
22. Bxf7+ Ke7 23. Qxb8 Nxb8 24. Bb3 Bh3 25. Ke1 exd4 26. cxd4 Bxd4 27. Nxd4 Qxd4
28. Nf3 Qf6 29. e5 dxe5 30. Nxe5 Kf8 31. Bd2 Kg7 32. Bc3 Rg1+ 33. Kd2 Rxa1 34.
Nd3 Nxd3 35. Bxf6+ Kxf6 36. Rxd3 Bf5 37. Rd6+ Kg5 38. Kc3 Rf1 39. Rd2 Nc6 40. a3
Ne5 41. Kb4 Nd3+ 42. Kxb5 Nxf2 43. Bd5 h5 44. a4 h4 45. a5 h3 46. a6 Ne4 47. Rh2
Nd6+ 48. Kc6 Ne4 49. b4 Ra1 50. b5 Rc1+ 51. Kb7 Nd6+ 52. Kb6 Rb1 53. Bc6 Nc4+
54. Kc7 Ne5 55. a7 Ra1 56. a8=Q Rxa8 57. Bxa8 Nc4 58. b6 Nxb6 59. Kxb6 Kf4 60.
Kc5 Kg3 61. Rh1 Bg4 62. Kd4 Be2 63. Ke3 Bg4 64. Be4 Bc8 65. Bf3 Bd7 66. Rg1+ Kh2
67. Kf2 Be6 68. Rh1# 1-0

[Event "Women's Speed Chess Q6"]
[Site "chess.com INT"]
[Date "2021.06.05"]
[Round "10"]
[White "Sliwicka, Alicja"]
[Black "Bodnaruk, Anastasia"]
[Result "0-1"]
[WhiteTitle "WIM"]
[BlackTitle "IM"]
[WhiteElo "2308"]
[BlackElo "2446"]
[WhiteFideId "1150677"]
[BlackFideId "4181751"]
[EventDate "2021.06.05"]

1. e4 c5 2. Nf3 d6 3. d4 cxd4 4. Nxd4 Nf6 5. Nc3 a6 6. Bd3 e5 7. Nde2 Be6 8. Ng3
Be7 9. O-O O-O 10. f4 exf4 11. Bxf4 Nc6 12. Nf5 Bxf5 13. exf5 d5 14. Qf3 Qb6+
15. Kh1 Rad8 16. b3 Nd4 17. Qf2 Qa7 18. Rae1 Rfe8 19. Be5 Nc6 20. Qxa7 Nxa7 21.
Bxf6 gxf6 22. Ne2 Nc6 23. Nf4 Ne5 24. Re3 Bc5 25. Rg3+ Kf8 26. Nh5 Rd6 27. Be2
Nd7 28. Bd1 Re5 29. Rd3 d4 30. g4 Bb4 31. Ng3 Nc5 32. Rdf3 Ba5 33. Be2 Bc3 34.
a4 b6 35. Bc4 a5 36. R3f2 Bb4 37. Re2 Rxe2 38. Nxe2 d3 39. cxd3 Nxd3 40. Kg2 Ne5
41. Bb5 Nxg4 42. Rc1 Ne3+ 43. Kf3 Nxf5 44. Nf4 Nd4+ 45. Ke4 Nxb3 46. Rc8+ Kg7
47. h4 Nc5+ 48. Kf5 Rd4 49. Nh5+ Kh6 50. Nxf6 Ne6 51. Ng4+ Kh5 52. Be2 Rf4+ 53.
Ke5 Rxg4 54. Rg8 Bc3+ 55. Kd6 Nf4 56. Bxg4+ Kxh4 57. Bf5 Ng6 58. Rg7 Bxg7 59.
Be4 h5 60. Kc6 Bd4 61. Kd5 Bf2 0-1

[Event "Women's Speed Chess Q6"]
[Site "chess.com INT"]
[Date "2021.06.05"]
[Round "10"]
[White "Zhuravleva, Olga"]
[Black "Pandey, Srishti"]
[Result "1-0"]
[WhiteTitle "WIM"]
[BlackTitle "WFM"]
[WhiteElo "2278"]
[BlackElo "2026"]
[WhiteFideId "4145933"]
[BlackFideId "35093290"]
[EventDate "2021.06.05"]

1. e4 e6 2. d4 d5 3. Nd2 Nc6 4. Ngf3 Nf6 5. e5 Nd7 6. c3 f6 7. exf6 Qxf6 8. Bd3
Bd6 9. Nf1 e5 10. dxe5 Ncxe5 11. Nxe5 Nxe5 12. Ng3 Bg4 13. Be2 Bxe2 14. Qxe2 O-O
15. O-O Rae8 16. Qc2 c6 17. Be3 Ng4 18. Bd4 Qh4 19. h3 Nxf2 20. Nf5 Nxh3+ 21.
gxh3 Qxh3 22. Qg2 Qxg2+ 23. Kxg2 Re2+ 24. Kg1 Bh2+ 25. Kh1 Rf7 26. Rae1 Rxf5 27.
Rxe2 Rxf1+ 28. Kxh2 Rb1 29. Kg3 Kf7 30. Kf4 g6 31. Bxa7 Ra1 32. a3 Rf1+ 33. Ke5
Ke7 34. Bc5+ Kd7 35. Kd4 Rf4+ 36. Kd3 Rf7 37. Rh2 Kc7 38. b4 b6 39. Bd4 Kb7 40.
a4 Ka6 41. Re2 Rc7 42. Re6 Kb7 43. a5 bxa5 44. bxa5 c5 45. Be5 Rd7 46. Rb6+ Ka7
47. Bb8+ Ka8 48. Be5 Ka7 49. Rc6 c4+ 50. Kd4 g5 51. Kc5 g4 52. Kb5 h5 53. Bd4+
Kb8 54. a6 h4 55. Rh6 h3 56. Be5+ Ka7 57. Bd4+ Kb8 58. Kb6 Rd8 59. Be5+ Ka8 60.
Rh7 Rb8+ 61. Bxb8 g3 62. Bxg3 h2 63. Ra7# 1-0

[Event "Women's Speed Chess Q6"]
[Site "chess.com INT"]
[Date "2021.06.05"]
[Round "10"]
[White "Vantika, Agrawal"]
[Black "Nurmanova, Alua"]
[Result "0-1"]
[WhiteTitle "WIM"]
[BlackTitle "WFM"]
[WhiteElo "2286"]
[BlackElo "2093"]
[WhiteFideId "25050389"]
[BlackFideId "13729390"]
[EventDate "2021.06.05"]

1. Nf3 Nf6 2. g3 g6 3. Bg2 Bg7 4. O-O O-O 5. d4 d5 6. c4 Nc6 7. Nbd2 dxc4 8.
Nxc4 Bg4 9. e3 Nd5 10. h3 Bc8 11. b3 Bf5 12. Bb2 Be4 13. a3 h6 14. Rc1 f5 15.
Qe2 Qd7 16. Ncd2 Nf6 17. Nxe4 Nxe4 18. Rfd1 e6 19. b4 a6 20. Nd2 Nd6 21. Nb3 Ne4
22. Nd2 Nd6 23. Rc2 Ne7 24. Nb3 b6 25. Bxa8 Rxa8 26. Nc5 Qc8 27. Nd3 Nd5 28. Ne5
Ne4 29. Nxg6 Qe8 30. Nf4 Nxf4 31. exf4 Qd7 32. Qf3 Rd8 33. Bc1 c5 34. bxc5 bxc5
35. Be3 cxd4 36. Bc1 Qa4 37. Qd3 Rb8 38. Rc4 Qa5 39. Kg2 Qd5 40. Kg1 Nc3 41. Re1
Rb3 42. Qf1 d3 43. Rc8+ Kh7 44. Bd2 Ne4 45. Be3 Rb2 46. Rd1 d2 47. Rc7 Nc3 48.
Rxc3 Bxc3 49. Qxa6 Qf3 50. Qa7+ Bg7 51. Rxd2 Rxd2 52. Bxd2 Qd1+ 53. Kg2 Qxd2 54.
a4 Qd5+ 55. Kg1 Kg6 56. Qb6 Bd4 57. Qb1 Qf3 58. Qb8 Qxf2+ 59. Kh1 Qg1# 0-1

[Event "Women's Speed Chess Q6"]
[Site "chess.com INT"]
[Date "2021.06.05"]
[Round "10"]
[White "Novikova, Anna"]
[Black "Paehtz, Elisabeth"]
[Result "1/2-1/2"]
[WhiteTitle "WIM"]
[BlackTitle "IM"]
[WhiteElo "2247"]
[BlackElo "2456"]
[WhiteFideId "4146794"]
[BlackFideId "4641833"]
[EventDate "2021.06.05"]

1. e4 g6 2. d4 Bg7 3. Nc3 d6 4. f4 a6 5. a4 Nc6 6. Be3 Nf6 7. Be2 e5 8. fxe5
dxe5 9. d5 Nd4 10. Nf3 Ng4 11. Bg1 Nxe2 12. Qxe2 Qd6 13. h3 Nf6 14. Be3 Nh5 15.
Qf2 Nf4 16. O-O b6 17. Ne2 Nh5 18. Ng5 Nf6 19. Nc3 O-O 20. Qh4 h6 21. Nf3 Nh5
22. Ne2 Qb4 23. c3 Qxb2 24. Rae1 Bd7 25. g4 Nf4 26. Nxf4 exf4 27. Bxf4 Qxc3 28.
Bxh6 f6 29. Rc1 Qb4 30. Rxc7 Qd6 31. Rcc1 Rac8 32. Bxg7 Kxg7 33. Rxc8 Rxc8 34.
Qf2 Rc4 35. Nd4 Qc5 36. Rd1 Qd6 37. g5 fxg5 38. Rf1 Qf4 39. Qe1 Qe5 40. Nf3 Qxe4
41. Qxe4 Rxe4 42. Nxg5 Re5 43. Rf7+ Kg8 44. Rxd7 Rxg5+ 45. Kf2 b5 46. axb5 axb5
47. Kf3 Rf5+ 48. Ke4 Kf8 49. Rb7 Rf1 50. Rxb5 Ke7 51. Rb6 Re1+ 52. Kd4 Rd1+ 53.
Ke5 Re1+ 54. Kf4 Rf1+ 55. Kg5 Rg1+ 56. Kh6 Rh1 57. Kxg6 Rxh3 58. Kf5 Rf3+ 59.
Ke4 Rf1 60. Rb7+ Kd6 61. Rb6+ Kd7 62. Rh6 Re1+ 63. Kf5 Rf1+ 64. Ke5 Re1+ 65. Kd4
Rd1+ 66. Ke5 Re1+ 67. Kd4 Rd1+ 68. Ke5 Re1+ 1/2-1/2

[Event "Women's Speed Chess Q6"]
[Site "chess.com INT"]
[Date "2021.06.05"]
[Round "10"]
[White "Padmini, Rout"]
[Black "Tokhirjonova, Gulrukhbegim"]
[Result "1/2-1/2"]
[WhiteTitle "IM"]
[BlackTitle "WGM"]
[WhiteElo "2370"]
[BlackElo "2344"]
[WhiteFideId "5029295"]
[BlackFideId "14203626"]
[EventDate "2021.06.05"]

1. e4 e5 2. Nf3 Nc6 3. Bc4 Bc5 4. O-O Nf6 5. d3 d6 6. c3 a6 7. Bb3 Ba7 8. Nbd2
h6 9. Re1 O-O 10. Nf1 Re8 11. Ng3 Be6 12. Bc2 d5 13. exd5 Bxd5 14. h3 Qd7 15.
Ne4 Nh7 16. Be3 Bxe3 17. fxe3 Bxe4 18. dxe4 Rad8 19. Qxd7 Rxd7 20. Rad1 Red8 21.
Kf2 Nf6 22. Rxd7 Rxd7 23. Ke2 Kf8 24. g4 Ke7 25. Rg1 Ne8 26. g5 h5 27. g6 f6 28.
Nh4 Nd6 29. Bb3 Nxe4 30. Nf5+ Kf8 31. Rd1 Rxd1 32. Kxd1 Nf2+ 33. Ke2 Nxh3 34.
Be6 Ng5 35. Bc8 b6 36. Bxa6 Ne7 37. Nxe7 Kxe7 38. a4 f5 39. b4 Ne4 40. Kd3 h4
41. Bb7 h3 42. a5 bxa5 43. bxa5 h2 44. a6 Nc5+ 45. Ke2 Nxa6 46. Kf2 Nc5 47. Bc6
Kf6 48. Kg2 Kxg6 49. Kxh2 Kf6 50. Kg3 g5 51. c4 Nb3 52. Bd5 Nd2 53. c5 e4 54. c6
Ke5 55. Bf7 f4+ 56. exf4+ gxf4+ 57. Kf2 Nf3 58. Bg6 Nd4 59. Be8 e3+ 60. Ke1 f3
61. Bh5 Kf4 62. Kf1 e2+ 63. Kf2 Nc2 64. Bxf3 Nd4 65. Kg2 Nxf3 66. Kf2 Nd4 67.
Ke1 Kf3 68. Kd2 Nxc6 69. Kd3 Ne5+ 70. Kd2 c5 71. Ke1 c4 72. Kd2 Nd3 73. Kc2 Ke3
74. Kc3 Ne5 75. Kc2 Nf3 76. Kb2 Kd2 77. Ka3 c3 78. Kb4 c2 79. Kb5 Ne5 80. Kb4
Nd3+ 81. Kc4 Ke3 82. Kd5 Nb4+ 83. Kd6 Nd3 84. Kd5 Nf4+ 85. Kd6 Ng2 86. Kd5 Ne1
87. Kd6 Nd3 88. Kd5 1/2-1/2

[Event "Women's Speed Chess Q6"]
[Site "chess.com INT"]
[Date "2021.06.05"]
[Round "10"]
[White "Varshini, V"]
[Black "Corrales Jimenez, Zenia"]
[Result "1/2-1/2"]
[WhiteTitle "WGM"]
[BlackTitle "WIM"]
[WhiteElo "2226"]
[BlackElo "2189"]
[WhiteFideId "5091241"]
[BlackFideId "3506355"]
[EventDate "2021.06.05"]

1. e4 e5 2. Nf3 Nc6 3. Bc4 Bc5 4. c3 Nf6 5. d4 exd4 6. e5 d5 7. Bb5 Ne4 8. cxd4
Bb4+ 9. Bd2 Bxd2+ 10. Nbxd2 Nxd2 11. Qxd2 O-O 12. Bxc6 bxc6 13. O-O Bg4 14. Ne1
Rb8 15. Nd3 f6 16. Rfe1 fxe5 17. Nxe5 Bd7 18. b4 Kh8 19. a3 Be8 20. Rac1 Qd6 21.
Qe3 a5 22. bxa5 Ra8 23. Qc3 Qf6 24. Qd2 Qd6 25. Rc5 Bd7 26. h3 Be8 27. Rec1 Bd7
28. Qb4 Be8 29. Qb7 Rd8 30. a6 Qf6 31. R5c2 Bg6 32. Nxg6+ Qxg6 33. a7 Qe4 34.
Qxc6 Qxd4 35. Qxc7 Ra8 36. Rb1 Rxa7 37. Qd6 Raf7 38. Rf1 h6 39. Qc5 Qe4 40. Rd2
Rf5 41. Qc2 Qe5 42. Re2 Qd6 43. Rfe1 d4 44. Qd3 Qd5 45. Re4 Rg5 46. Qxd4 Qxd4
47. Rxd4 Ra5 48. Re3 Raf5 49. Rd2 Rb8 50. Rde2 Rb1+ 51. Kh2 Ra1 52. Rd2 Kh7 53.
g4 Rf4 54. Kg2 Ra4 55. Rdd3 Ra2 56. Rf3 Ra5 57. Kg3 Ra6 58. Rde3 Ra5 59. Rb3 Ra6
60. Rfe3 Ra5 61. Red3 Rc5 62. f3 Rcc2 63. Kf4 Rh2 64. Rd7 Rxh3 65. Rbb7 Rxa3 66.
Rxg7+ Kh8 67. Rgc7 Ra4+ 68. Ke5 Ra5+ 69. Kd4 Ra8 70. Rh7+ Kg8 71. Rbg7+ Kf8 72.
Rf7+ Kg8 73. Rfg7+ Kf8 74. Rh8+ Kxg7 75. Rxa8 Rxf3 76. Ke4 Rf7 77. Ra5 Kg6 78.
Re5 Rf6 79. Rf5 Rxf5 80. gxf5+ Kf6 81. Kf4 h5 82. Ke4 h4 83. Kf4 h3 84. Kg3 h2
85. Kxh2 Kxf5 1/2-1/2

[Event "Women's Speed Chess Q6"]
[Site "chess.com INT"]
[Date "2021.06.05"]
[Round "10"]
[White "Avramidou, Anastasia"]
[Black "Petrova, Irina"]
[Result "1-0"]
[WhiteTitle "FM"]
[BlackTitle "WIM"]
[WhiteElo "2238"]
[BlackElo "2110"]
[WhiteFideId "4239873"]
[BlackFideId "14124122"]
[EventDate "2021.06.05"]

1. d4 d6 2. e4 Nf6 3. Nc3 e5 4. dxe5 dxe5 5. Qxd8+ Kxd8 6. Bc4 Ke8 7. f3 c6 8.
Be3 Nbd7 9. a4 Bc5 10. Ke2 Bxe3 11. Kxe3 Nc5 12. b4 Ne6 13. Nge2 a5 14. b5 Nc5
15. bxc6 bxc6 16. Rab1 Be6 17. Bxe6 Nxe6 18. Rb6 Kd7 19. Rb7+ Nc7 20. Rd1+ Kc8
21. Rb6 Ra6 22. Rb2 Rd8 23. Rdb1 Nd7 24. Nc1 Ne6 25. Nd3 Nec5 26. Nxc5 Nxc5 27.
Rb8+ Kc7 28. Rxd8 Kxd8 29. Rb8+ Ke7 30. g4 h6 31. h4 Ra7 32. Rg8 Ne6 33. Rb8 Nc5
34. Rc8 Kd7 35. Rg8 Ne6 36. Ne2 Ra6 37. Ng3 g6 38. Rh8 Rb6 39. Rxh6 Rb2 40. c3
Ra2 41. h5 gxh5 42. gxh5 Rxa4 43. Rh8 Ra3 44. Ne2 a4 45. h6 Ng5 46. h7 Ra1 47.
Rd8+ Kxd8 48. h8=Q+ Kd7 49. Qxe5 Ne6 50. f4 a3 51. f5 Nc7 52. Qd4+ Kc8 53. c4
Rb1 54. Nc3 Rb2 55. e5 a2 56. Nxa2 Rxa2 57. e6 fxe6 58. f6 Ra3+ 59. Kf2 Ra2+ 60.
Kg3 Ra3+ 61. Kh4 Ra5 62. f7 Rf5 63. Qh8+ Kd7 64. f8=Q Rxf8 65. Qxf8 e5 66. Kg4
Ne6 67. Qf5 Kd6 68. Qd3+ Nd4 69. Kg5 Kc5 70. Kf6 e4 71. Qxe4 Kxc4 72. Ke5 c5 73.
Kd6 Kc3 74. Kxc5 Nb3+ 75. Kc6 Nd4+ 76. Kd5 Nb3 77. Qc4+ Kb2 78. Qh4 Kc3 79. Qh3+
Kb2 80. Kc4 Nd2+ 81. Kb4 Kc1 82. Qh2 Kc2 83. Kc5 Kd3 84. Kd5 Ke3 85. Qh6+ Kd3
86. Qh3+ Kc2 87. Kd4 Nb3+ 88. Ke4 Nc5+ 89. Kd5 Nb3 90. Kc4 Nd2+ 91. Kb4 Kd1 92.
Qg4+ Kc2 93. Qg3 Kd1 94. Ka3 Kc2 95. Ka2 Kc1 96. Ka3 Kc2 97. Qg2 Kc3 98. Qh3+
Kc2 99. Qc8+ Kd3 100. Kb4 Ke3 101. Qd7 Ne4 102. Kc4 Kf4 103. Kd4 Ng3 104. Qd6+
Kf3 105. Kd3 Kg4 106. Qf6 Kh3 107. Ke3 Kg4 108. Qe6+ Kh4 109. Kf3 Nh5 110. Qg4# 1-0

[Event "Women's Speed Chess Q6"]
[Site "chess.com INT"]
[Date "2021.06.05"]
[Round "10"]
[White "Berend, Elvira"]
[Black "Kashlinskaya, Alina"]
[Result "1/2-1/2"]
[WhiteTitle "WGM"]
[BlackTitle "IM"]
[WhiteElo "2326"]
[BlackElo "2494"]
[WhiteFideId "4000510"]
[BlackFideId "4198026"]
[EventDate "2021.06.05"]

1. e4 e6 2. d4 d5 3. Nc3 Nf6 4. e5 Nfd7 5. f4 c5 6. Nf3 Be7 7. Be3 b6 8. Be2 O-O
9. O-O Nc6 10. Qd2 f5 11. exf6 Nxf6 12. Ne5 Nxd4 13. Bxd4 cxd4 14. Nb5 Ne4 15.
Qd1 Ba6 16. Nxd4 Bxe2 17. Qxe2 Bc5 18. c3 Qd6 19. Rad1 Rac8 20. g3 Rc7 21. Kg2
Bxd4 22. Rxd4 Qc5 23. Qg4 Qe7 24. h4 b5 25. a3 a5 26. h5 Qf6 27. Qe2 Rb8 28.
Rfd1 b4 29. axb4 axb4 30. Rxb4 Rxb4 31. cxb4 Qf8 32. b5 Qb4 33. Nc6 Qb3 34. Rd3
Qxb5 35. Nd4 Qc4 36. Nxe6 Rb7 37. f5 Qc1 38. b3 Qc6 39. h6 Nc3 40. Qe5 d4+ 41.
Kh2 Nd5 42. Qxd4 Rd7 43. Nf4 Qc2+ 44. Rd2 Qxf5 45. Nxd5 Qh5+ 46. Kg2 Rf7 47. Nf4
Qxh6 48. Qd8+ Rf8 49. Qd5+ Kh8 50. Qd6 Qxd6 51. Rxd6 Rb8 52. Rd3 h6 53. Nd5 g5
54. g4 Kg7 55. Ne3 Kg6 56. Rd6+ Kf7 57. Rd3 Rb4 58. Kg3 Kg6 59. Nd5 Rb5 60. Ne3
Kf7 61. Nf5 Kg6 62. Nd6 Rb4 63. Nc4 h5 64. gxh5+ Kxh5 65. Rc3 Rb5 66. Ne3 Rb4
67. Ng2 Rg4+ 68. Kf3 Rb4 69. Ne3 Rf4+ 70. Kg3 Rb4 71. Nd1 Rg4+ 72. Kf3 Rf4+ 73.
Kg3 Rg4+ 74. Kf2 Rf4+ 75. Rf3 Rb4 76. Nb2 Kg4 77. Nd1 Rd4 78. Ne3+ Kh5 79. Rh3+
Kg6 80. Rg3 Rf4+ 81. Ke2 Rb4 82. Nc2 Rb8 83. Kd2 Kf5 84. Kc1 Kf4 85. Rg1 g4 86.
Kb2 g3 87. Ne1 Kg4 88. Ng2 Rf8 89. Ne3+ Kf3 90. Nc2 Kf2 91. Rd1 g2 92. Rd2+ Kg3
93. Rxg2+ Kxg2 94. b4 Kf3 95. Kc3 Ke4 96. b5 Kd5 97. Kb4 Kd6 98. Nd4 Kc7 99. Nc6
Kb6 100. Nd4 Rf4 101. Kc4 Rh4 102. Kd5 Rh5+ 103. Kc4 Rc5+ 104. Kb4 Rc1 105. Nb3
Rc8 106. Nd4 Rc5 107. Kb3 Ka5 108. Nc6+ Kxb5 109. Nd4+ Kb6 110. Kb4 Rc1 111. Kb3
Rb1+ 112. Kc4 Rh1 113. Kd3 Kc5 114. Ne6+ Kd5 115. Nf4+ Ke5 116. Ne2 Rh3+ 117.
Kd2 Ke4 118. Nc3+ Kd4 119. Ne2+ Kc4 120. Nf4 Rf3 121. Ne2 Rd3+ 122. Kc2 Ra3 123.
Kd2 Rb3 124. Kc2 Rf3 125. Kd2 Rh3 126. Kc2 Rh2 127. Kd2 Rh3 1/2-1/2

[Event "Women's Speed Chess Q6"]
[Site "chess.com INT"]
[Date "2021.06.05"]
[Round "11"]
[White "Selkirk, Rebecca"]
[Black "Maklakova, Nellija"]
[Result "1-0"]
[WhiteTitle "WCM"]
[WhiteElo "1799"]
[BlackElo "1828"]
[WhiteFideId "14306514"]
[BlackFideId "11603470"]
[EventDate "2021.06.05"]

1. e4 e6 2. Nf3 d5 3. Nc3 d4 4. Ne2 c5 5. c3 dxc3 6. bxc3 Nc6 7. d4 cxd4 8. cxd4
Bb4+ 9. Bd2 Bxd2+ 10. Qxd2 Nf6 11. Ng3 O-O 12. Be2 Bd7 13. O-O Rc8 14. e5 Nd5
15. Ne4 Ncb4 16. Rac1 Qa5 17. Bc4 Qxa2 18. Bxa2 1-0

[Event "Women's Speed Chess Q6"]
[Site "chess.com INT"]
[Date "2021.06.05"]
[Round "11"]
[White "Varney, Zoe"]
[Black "Singgih, Diajeng Theresa"]
[Result "1-0"]
[WhiteTitle "WCM"]
[BlackTitle "WFM"]
[WhiteElo "1917"]
[BlackElo "1972"]
[WhiteFideId "436135"]
[BlackFideId "7104391"]
[EventDate "2021.06.05"]

1. e4 e5 2. Nf3 Nc6 3. Bc4 Bc5 4. c3 Nf6 5. d4 exd4 6. cxd4 Bb4+ 7. Bd2 Nxe4 8.
Bxb4 Nxb4 9. Bxf7+ Kxf7 10. Qb3+ d5 11. Qxb4 Re8 12. O-O Kg8 13. Nc3 Bd7 14.
Nxd5 Bg4 15. Ne5 Qd7 16. Nxd7 Bxd7 17. Nxc7 Rac8 18. Nxe8 Rxe8 19. Qxb7 Bf5 20.
Qd5+ 1-0

[Event "Women's Speed Chess Q6"]
[Site "chess.com INT"]
[Date "2021.06.05"]
[Round "11"]
[White "Petrova, Irina"]
[Black "Ziegenfuss, Antonia"]
[Result "1-0"]
[WhiteTitle "WIM"]
[BlackTitle "WFM"]
[WhiteElo "2110"]
[BlackElo "2157"]
[WhiteFideId "14124122"]
[BlackFideId "12962554"]
[EventDate "2021.06.05"]

1. e4 c5 2. Nf3 e6 3. c4 Nc6 4. Nc3 e5 5. Be2 d6 6. O-O g6 7. d3 Bg7 8. a3 a5 9.
Nd5 Be6 10. h3 Bxd5 11. cxd5 Nb8 12. Bd2 Ne7 13. b4 axb4 14. axb4 Rxa1 15. Qxa1
b6 16. bxc5 bxc5 17. Rb1 O-O 18. Rb7 f6 19. Qa7 Re8 20. Ba5 Qc8 21. Rxe7 Rxe7
22. Qxe7 Qa6 23. Qd8+ Bf8 24. Bc7 Qa1+ 25. Bf1 Na6 26. Bxd6 1-0

[Event "Women's Speed Chess Q6"]
[Site "chess.com INT"]
[Date "2021.06.05"]
[Round "11"]
[White "Priyanka, K"]
[Black "Kabanova, Ekaterina"]
[Result "1-0"]
[WhiteTitle "WIM"]
[BlackTitle "WFM"]
[WhiteElo "2218"]
[BlackElo "2138"]
[WhiteFideId "5082986"]
[BlackFideId "24112917"]
[EventDate "2021.06.05"]

1. e4 c5 2. Nf3 e6 3. d4 cxd4 4. Nxd4 a6 5. Bd3 Qc7 6. O-O b5 7. a4 bxa4 8. Rxa4
Bb7 9. Rc4 Nc6 10. Nc3 Nf6 11. Nxc6 Bxc6 12. Re1 Qb7 13. Bf1 d5 14. exd5 Nxd5
15. Rxc6 Nxc3 16. Rxc3 Rd8 17. Rd3 Be7 18. Rxd8+ Bxd8 19. Qd3 O-O 20. Qxa6 Qb8
21. b3 Bc7 22. g3 Be5 23. Qb5 Bc3 24. Qxb8 Rxb8 25. Rd1 f6 26. Rd7 h5 27. Bd2
Be5 28. Bc4 Rb6 29. Be3 Rc6 30. f4 Bb2 31. f5 Kh7 32. fxe6 Ba3 33. e7 Bxe7 34.
Rxe7 Rd6 35. Bd3+ Kg8 36. Bg6 Rd8 37. Re8+ Rxe8 38. Bxe8 h4 39. b4 Kf8 40. Bg6
hxg3 41. Bc5+ Kg8 42. hxg3 f5 43. b5 f4 44. b6 1-0

[Event "Women's Speed Chess Q6"]
[Site "chess.com INT"]
[Date "2021.06.05"]
[Round "11"]
[White "Ambartsumova, Karina"]
[Black "Dong, Khanh Linh"]
[Result "0-1"]
[WhiteTitle "IM"]
[BlackTitle "WCM"]
[WhiteElo "2382"]
[BlackElo "1970"]
[WhiteFideId "4166299"]
[BlackFideId "12403040"]
[EventDate "2021.06.05"]

1. c4 Nf6 2. Nf3 b6 3. g3 Bb7 4. Bg2 c5 5. Nc3 Nc6 6. d4 Nxd4 7. Nxd4 Bxg2 8.
Rg1 cxd4 9. Nb5 Bb7 10. Nxd4 g6 11. b3 Bg7 12. Bb2 O-O 13. g4 d5 14. g5 Ne4 15.
Qc2 dxc4 16. Qxc4 Rc8 17. Qa4 Nc5 18. Qb4 a5 19. Qd2 Ne4 20. Qe3 e5 21. Nf3 Qe7
22. Rg4 Rc2 23. Rb1 Qb4+ 24. Kf1 Nd2+ 25. Qxd2 Rxd2 26. Rxb4 Rxb2 27. Rxb2 axb4
28. Rc2 Rc8 29. Rd2 e4 30. Nd4 Rc1+ 0-1

[Event "Women's Speed Chess Q6"]
[Site "chess.com INT"]
[Date "2021.06.05"]
[Round "11"]
[White "Tarini, Goyal"]
[Black "Ribeiro, Regina"]
[Result "1-0"]
[WhiteTitle "WFM"]
[BlackTitle "WIM"]
[WhiteElo "2164"]
[BlackElo "1920"]
[WhiteFideId "5082749"]
[BlackFideId "2100681"]
[EventDate "2021.06.05"]

1. d4 Nf6 2. g3 g6 3. Bg2 Bg7 4. c4 d6 5. Nf3 O-O 6. Nc3 c6 7. O-O Nbd7 8. e4 e5
9. h3 exd4 10. Nxd4 Re8 11. Re1 a5 12. Be3 Nc5 13. Qc2 Ne6 14. Rad1 Nxd4 15.
Bxd4 Be6 16. Na4 Ra6 17. e5 dxe5 18. Bxe5 Qc8 19. Nc5 Rb6 20. Nxe6 Rxe6 21. c5
Ra6 22. Bd6 Ra8 23. Qd2 Ne8 24. Rxe6 Qxe6 25. Re1 Qd5 26. Bxd5 cxd5 27. Qxd5 1-0

[Event "Women's Speed Chess Q6"]
[Site "chess.com INT"]
[Date "2021.06.05"]
[Round "11"]
[White "Vine, Elzbieta"]
[Black "Smietanska, Wiktoria"]
[Result "0-1"]
[WhiteTitle "WFM"]
[BlackTitle "CM"]
[WhiteElo "2138"]
[BlackElo "1802"]
[WhiteFideId "1119320"]
[BlackFideId "21869359"]
[EventDate "2021.06.05"]

1. e4 c5 2. Nc3 a6 3. f4 Nc6 4. Nf3 g6 5. a4 Bg7 6. Bc4 e6 7. O-O Nge7 8. f5
gxf5 9. d3 d5 10. exd5 exd5 11. Bb3 Nd4 12. Nxd4 Bxd4+ 13. Kh1 Be6 14. Qh5 Ng6
15. Bg5 Qd6 16. Rae1 f6 17. Rxf5 fxg5 18. Rxd5 Qb6 19. Rxg5 O-O-O 20. Bxe6+ Kb8
21. Bc4 Qxb2 22. Rb1 Qxc3 23. Bxa6 Rd7 24. Rd5 Re8 25. h3 Rde7 26. Rxb7+ Rxb7
27. Bxb7 Kxb7 28. Rd7+ Kc8 29. Ra7 Qe1+ 30. Kh2 Qe5+ 31. Qxe5 Bxe5+ 0-1